000 00515nam a2200181Ia 4500
999 _c29109
_d29109
003 OSt
005 20201130130720.0
008 190216s9999||||xx |||||||||||||| ||und||
020 _a9788126406142
040 _coclc
082 _a894.8123
_bMAN/M
100 _aMangad, Ambikasuthan
_96922
245 0 _aMarakkappile Theyyangal /
_cAmbikasuthan Mangad
260 _bDc Books,
_aKottayam:
_c2004.
300 _a180p
650 _aNovel
942 _cBK
_2ddc
_h894.8123
_iMAN/M
_k894.8123
_mMAN/M